Statystyki dla Quiz o Brazylii

Kliknij tutaj aby rozwiązać quiz!

Ogólne statystyki

  • Ten quiz został rozwiązany 11 razy
  • Średni wynik to 13 z 21

Statystyki odpowiedzi

WskazówkaOdpowiedź% Poprawnych
StolicaBrasilia
100%
Jedyne państwa Ameryki Południowej,
z którymi Brazylia nie graniczy
Chile
100%
Uroczystość, które odbywa się
pięć dni przed Środą Popielcową
Karnawał
90%
Język urzędowyPortugalski
90%
Najbardziej zaludnione miastaRio de Janeiro
90%
Popularny gatunek muzyki,
a także styl taneczny
Samba
90%
Najbardziej znane plażeCopacabana
80%
Jedyne państwa Ameryki Południowej,
z którymi Brazylia nie graniczy
Ekwador
80%
Brazylia jest producentem nr. 1 tego ziarnaKawa
80%
Najdłuższa rzekaAmazonka
70%
Nazwa brazylijskiego miasta slumsówFawela
70%
Najbardziej zaludnione miastaSao Paulo
70%
Czołowi piłkarze mistrzostw świata
w piłce nożnej
Pelé
60%
Najsłynniejszy posągStatua Chrystusa
{Zbawiciela}
60%
Czołowi piłkarze mistrzostw świata
w piłce nożnej
Ronaldo
50%
Jednostka monetarnaReal
40%
Co zostało ogłoszone za nielegalne w 1888 r.Niewolnictwo
20%
Najbardziej znane plażeIpanema
10%
Kontrowersyjny prezydent wybrany w 2018 r.Jair Bolsonaro
10%
Dewiza widoczna na fladze{Ordem} e Progresso
10%
Wodospad na granicy z ArgentynąWodospad {Iguaçu}
10%

Rozkład punktacji

Percentyl według liczby udzielonych odpowiedzi

Procent ludzi z każdym wynikiem

Twoja historia wyników

Nie rozwiązałeś tego quizu